Ceramography (Record no. 559865)
[ view plain ]
| 000 -LEADER | |
|---|---|
| fixed length control field | 00391nam a2200133Ia 4500 |
| 008 - FIXED-LENGTH DATA ELEMENTS--GENERAL INFORMATION | |
| fixed length control field | 210428s9999 xx 000 0 und d |
| 082 ## - DEWEY DECIMAL CLASSIFICATION NUMBER | |
| Classification number | 620.14 C5321 C |
| 100 ## - MAIN ENTRY--PERSONAL NAME | |
| Personal name | Richard E.Chinn |
| 9 (RLIN) | 52110 |
| 245 #0 - TITLE STATEMENT | |
| Title | Ceramography |
| 260 ## - PUBLICATION, DISTRIBUTION, ETC. | |
| Name of publisher, distributor, etc. | ASM International |
| Place of publication, distribution, etc. | United states of America |
| Date of publication, distribution, etc. | 2002 |
| 300 ## - PHYSICAL DESCRIPTION | |
| Extent | 214p. |
| 856 ## - ELECTRONIC LOCATION AND ACCESS | |
| Uniform Resource Identifier | <a href="http://10.250.8.41:8080/xmlui/handle/123456789/46339">http://10.250.8.41:8080/xmlui/handle/123456789/46339</a> |
| 942 ## - ADDED ENTRY ELEMENTS (KOHA) | |
| Koha item type | Book |
| Source of classification or shelving scheme | |
| Withdrawn status | Lost status | Damaged status | Not for loan | Permanent Location | Current Location | Date acquired | Total Checkouts | Full call number | Barcode | Date last seen | Price effective from | Koha item type |
|---|---|---|---|---|---|---|---|---|---|---|---|---|
| School of Chemical & Materials Engineering (SCME) | School of Chemical & Materials Engineering (SCME) | 01/11/7 | 620.14 C5321 C | SCME-4 | 04/28/2021 | 04/28/2021 | Book |
